Informe Pi i Sunyer sobre Gobierno Local en España / [Director: Francisco Longo ; autores: Miguel Sánchez Morón ... [et al.]] Francisco Longo ; autores:
ISBN:
84-7609-834-0
Descripción Física:
848 p. ; 24 cm
Materias:
Administració local -- Espanya
MARC
| LEADER | 00000nam a2200000Ia 4500 | ||
|---|---|---|---|
| 001 | 19082 | ||
| 008 | 160829s1997 xx 000 0 cat d | ||
| 020 | |a 84-7609-834-0 | ||
| 080 | |a M-5-426 | ||
| 245 | |a Informe Pi i Sunyer sobre Gobierno Local en España / [Director: |b Francisco Longo ; autores: |b Miguel Sánchez Morón ... [et al.]] | ||
| 260 | |a Barcelona : |b Fundació Carles Pi i Sunyer d'Estudis Autonòmics i Locals, |c 1997 | ||
| 300 | |a 848 p. ; |c 24 cm | ||
| 650 | 0 | |a Administració local |z Espanya |9 37433 | |
| 700 | |a Longo, Francisco |9 27964 | ||
| 700 | |a Sánchez Morón, Miguel |9 44873 | ||
| 710 | 1 | |a Fundació Carles Pi i Sunyer d'Estudis Autonòmics i Locals |9 52753 | |
| 901 | |a Arxiu | ||
| 942 | |n 1 | ||
| 952 | |0 0 |1 0 |4 0 |6 M5426 |7 1 |9 52221 |a Arxiu |b Arxiu |d 2016-12-01 |l 0 |o M-5-426 |p 19082 |r 2016-12-01 00:00:00 |w 2016-12-01 |y ARXIU | ||
| 999 | |c 56069 |d 56069 | ||